[Event "NED-ch 1979"]
[Site "Leeuwarden"]
[Date "1979.??.??"]
[Round "1"]
[White "Baljon, Christofoor"]
[Black "Van Dop, Arend"]
[Result "1-0"]
[WhiteElo "2255"]
[BlackElo "2300"]
[PlyCount "57"]
[EventDate "1979.??.??"]
[Source "ChessBase"]
[SourceDate "1999.07.01"]

1. e4 c5 2. Nf3 d6 3. d4 cxd4 4. Nxd4 Nf6 5. Nc3 Nc6 6. Bc4 Qb6 7. Ndb5 a6 8.
Be3 Qa5 9. Nd4 Ng4 10. Nxc6 bxc6 11. O-O Nxe3 12. fxe3 e6 13. Qf3 Ra7 14. Rad1
Qe5 15. Bb3 Rc7 16. Nb1 Bb7 17. Nd2 d5 18. exd5 exd5 19. e4 Bc5+ 20. Kh1 Bd6
21. Qh3 O-O 22. exd5 cxd5 23. c3 Re7 24. Nf3 Qe6 25. Qh5 Qe2 26. Rde1 Qd3 27.
Nd4 Re5 28. Qf3 Rxe1 29. Qxd3 1-0

[Event "NED-ch 1979"]
[Site "Leeuwarden"]
[Date "1979.??.??"]
[Round "1"]
[White "Bohm, Hans"]
[Black "Van der Vliet, Fred"]
[Result "1/2-1/2"]
[WhiteElo "2410"]
[BlackElo "2365"]
[PlyCount "115"]
[EventDate "1979.??.??"]
[Source "ChessBase"]
[SourceDate "1999.07.01"]

1. d4 Nf6 2. c4 g6 3. Nc3 Bg7 4. e4 d6 5. g3 O-O 6. Bg2 Nc6 7. Nge2 a6 8. O-O
Rb8 9. a3 e5 10. d5 Na5 11. b3 c5 12. a4 Bd7 13. Bd2 Ne8 14. Qc2 f5 15. f3 Nf6
16. h3 Qc7 17. Kh2 Rf7 18. exf5 gxf5 19. g4 f4 20. Nc1 Kh8 21. Nd3 Rff8 22. Nf2
Be8 23. Nfe4 Bg6 24. Rfe1 b6 25. Reb1 Nb7 26. Bf1 Nxe4 27. Nxe4 a5 28. Bd3 Bxe4
29. Bxe4 Bf6 30. Be1 Qe7 31. Qf2 Kg7 32. h4 h6 33. Kh3 Kf7 34. Qc2 Ke8 35. Bf2
Kd7 36. Rh1 Kc7 37. Rag1 Nd8 38. Kg2 Nf7 39. Bf5 Kb7 40. Kf1 Rg8 41. Be6 Rg7
42. Bxf7 Qxf7 43. Qf5 Qe7 44. Ke2 Rbg8 45. Kd3 Kc7 46. Ke4 Rg6 47. Kd3 R6g7 48.
Rg2 Rg6 49. Be1 R6g7 50. Re2 Rg6 51. Rh3 Qd7 52. Qxd7+ Kxd7 53. Ke4 Ke7 54. Rg2
Kf7 55. Rh1 Be7 56. Rhg1 Bf6 57. Rh2 Be7 58. Rgh1 1/2-1/2

[Event "NED-ch 1979"]
[Site "Leeuwarden"]
[Date "1979.??.??"]
[Round "1"]
[White "Donner, Jan Hein"]
[Black "Hartoch, Rob"]
[Result "1/2-1/2"]
[WhiteElo "2465"]
[BlackElo "2395"]
[PlyCount "62"]
[EventDate "1979.??.??"]
[Source "ChessBase"]
[SourceDate "1999.07.01"]

1. d4 d5 2. c4 dxc4 3. Nf3 Nf6 4. e3 Bg4 5. Bxc4 e6 6. h3 Bh5 7. O-O Nbd7 8. b3
Bd6 9. Bb2 c6 10. Nbd2 Qe7 11. Be2 Ba3 12. Bxa3 Qxa3 13. e4 O-O 14. Nc4 Qe7 15.
Nfe5 Bxe2 16. Qxe2 c5 17. Nxd7 Nxd7 18. Rad1 Rfd8 19. Qe3 cxd4 20. Rxd4 Nb6 21.
Nxb6 axb6 22. Rfd1 h6 23. a4 Rac8 24. e5 Rxd4 25. Qxd4 Qc5 26. Qe4 Qc6 27. Qe2
Qc7 28. Rd6 Qc1+ 29. Kh2 Qf4+ 30. g3 Qf5 31. Kg2 b5 1/2-1/2

[Event "NED-ch 1979"]
[Site "Leeuwarden"]
[Date "1979.??.??"]
[Round "1"]
[White "Hofland, Leonard"]
[Black "Van der Weide, Piet"]
[Result "1/2-1/2"]
[WhiteElo "2295"]
[BlackElo "2290"]
[PlyCount "73"]
[EventDate "1979.??.??"]
[Source "ChessBase"]
[SourceDate "1999.07.01"]

1. c4 e6 2. d4 d5 3. Nf3 Nf6 4. g3 c6 5. Qc2 Nbd7 6. Bg2 Ne4 7. O-O Bd6 8. b3
f5 9. Bb2 Qf6 10. Ne1 h5 11. f3 Nxg3 12. hxg3 Bxg3 13. f4 h4 14. Qc3 Qg6 15.
Kh1 Nf6 16. Nd3 Nh5 17. Ne5 Qh6 18. e3 g5 19. cxd5 exd5 20. Nd3 h3 21. Bf3 g4
22. Nd2 Bh4 23. Rfd1 Ng3+ 24. Kh2 Ne4 25. Nxe4 fxe4 26. Bxg4 Bxg4 27. Rg1 Bf3
28. Ne1 O-O-O 29. Nxf3 exf3 30. Qd3 f2 31. Qf5+ Kb8 32. Rg4 Rhg8 33. Ba3 Rxg4
34. Qxg4 Qh7 35. Rf1 Rg8 36. Qf3 Rg1 37. Rxg1 1/2-1/2

[Event "NED-ch 1979"]
[Site "Leeuwarden"]
[Date "1979.??.??"]
[Round "1"]
[White "Langeweg, Kick"]
[Black "Ligterink, Gert"]
[Result "0-1"]
[WhiteElo "2440"]
[BlackElo "2440"]
[PlyCount "64"]
[EventDate "1979.??.??"]
[Source "ChessBase"]
[SourceDate "1999.07.01"]

1. d4 Nf6 2. c4 g6 3. Nc3 Bg7 4. e4 d6 5. Be2 O-O 6. Bg5 c5 7. dxc5 Qa5 8. Bd2
Qxc5 9. h3 Nbd7 10. Nf3 b6 11. O-O Bb7 12. Be3 Qc7 13. Nd2 e6 14. Rc1 a6 15. b4
Rac8 16. f4 Qb8 17. Bf3 b5 18. cxb5 axb5 19. Qe2 Nh5 20. Qd3 Ng3 21. Rfe1 f5
22. Bf2 fxe4 23. Ncxe4 Rxc1 24. Rxc1 Nxe4 25. Nxe4 d5 26. Ng5 Qxf4 27. Be3 Qg3
28. Qxb5 Bc8 29. Qe2 Ne5 30. Bg4 Nxg4 31. hxg4 Ba6 32. Qd2 Be5 0-1

[Event "NED-ch 1979"]
[Site "Leeuwarden"]
[Date "1979.??.??"]
[Round "1"]
[White "Sosonko, Gennadi"]
[Black "Van der Wiel, John"]
[Result "1-0"]
[WhiteElo "2535"]
[BlackElo "2200"]
[PlyCount "77"]
[EventDate "1979.??.??"]
[Source "ChessBase"]
[SourceDate "1999.07.01"]

1. d4 g6 2. c4 Bg7 3. Nc3 Nf6 4. e4 d6 5. Nf3 O-O 6. Be2 e5 7. O-O Nc6 8. d5
Ne7 9. b4 Nh5 10. g3 a5 11. Ba3 f5 12. bxa5 Nf6 13. Nd2 Bh6 14. Bf3 Bxd2 15.
Qxd2 fxe4 16. Nxe4 Nfxd5 17. Bg2 Nb6 18. axb6 Rxa3 19. bxc7 Qxc7 20. Nxd6 Ra6
21. Nxc8 Rxc8 22. Rfe1 Rd8 23. Qb2 Re6 24. Qxb7 Qxc4 25. Bh3 Nf5 26. Bxf5 gxf5
27. Rad1 Qc8 28. Rxd8+ Qxd8 29. a4 Re7 30. Qb5 Qd4 31. a5 f4 32. a6 Kg7 33. Qe2
Kf6 34. Qh5 fxg3 35. Qh6+ Kf5 36. hxg3 Rf7 37. Re3 Qg4 38. Qd6 e4 39. Qd5+ 1-0

[Event "NED-ch 1979"]
[Site "Leeuwarden"]
[Date "1979.??.??"]
[Round "1"]
[White "Timman, Jan"]
[Black "Ree, Hans"]
[Result "0-1"]
[WhiteElo "2625"]
[BlackElo "2480"]
[PlyCount "108"]
[EventDate "1979.??.??"]
[Source "ChessBase"]
[SourceDate "1999.07.01"]

1. e4 c5 2. Nf3 e6 3. d4 cxd4 4. Nxd4 Nc6 5. Nc3 d6 6. Be2 Nf6 7. O-O Be7 8.
Be3 O-O 9. f4 a6 10. Qe1 Bd7 11. Qg3 b5 12. e5 dxe5 13. fxe5 Nxd4 14. Bxd4 Bc6
15. Rf4 Nd7 16. Raf1 Qc7 17. Bg4 Bc5 18. Bxc5 Nxc5 19. Qf2 Qe7 20. Bh5 Be8 21.
Bf3 Rd8 22. Rd4 Rxd4 23. Qxd4 Qc7 24. Re1 Nd7 25. a3 h6 26. Qd6 Qa7+ 27. Kf1
Nb6 28. Qc5 Qb8 29. Be4 Bd7 30. Bd3 Rc8 31. Qd4 Bc6 32. Ne4 Rd8 33. Qe3 Nc4 34.
Bxc4 Bxe4 35. Bxe6 Bxg2+ 36. Kxg2 fxe6 37. Qe4 Qc7 38. Re2 Rd5 39. Qg6 Rxe5 40.
Qe8+ Kh7 41. Rxe5 Qxe5 42. Qc8 Qxb2 43. Qc6 Qe5 44. Qxa6 Qe2+ 45. Kg3 Qxc2 46.
Qxb5 Qc3+ 47. Kf4 Qxa3 48. Qb1+ Kg8 49. Ke5 Qe3+ 50. Kd6 Qf4+ 51. Kxe6 Qxh2 52.
Qb3 Kh8 53. Qc3 Qf2 54. Ke7 h5 0-1

[Event "NED-ch 1979"]
[Site "Leeuwarden"]
[Date "1979.??.??"]
[Round "2"]
[White "Hartoch, Rob"]
[Black "Baljon, Christofoor"]
[Result "0-1"]
[WhiteElo "2395"]
[BlackElo "2255"]
[PlyCount "81"]
[EventDate "1979.??.??"]
[Source "ChessBase"]
[SourceDate "1999.07.01"]

1. d4 Nf6 2. c4 g6 3. Nc3 Bg7 4. e4 O-O 5. f4 c5 6. d5 d6 7. Nf3 b5 8. cxb5 a6
9. a4 axb5 10. Bxb5 Na6 11. e5 Ne8 12. O-O Nb4 13. Be3 Nc7 14. Bc4 Ra5 15. Qd2
Na8 16. Bf2 Nb6 17. b3 Nxc4 18. bxc4 Bf5 19. Bh4 Qd7 20. exd6 exd6 21. Rfe1 Bd3
22. f5 Qxf5 23. Be7 Rfa8 24. Bxd6 Nc2 25. Bc7 Nxa1 26. Rxa1 Bxc3 27. Qxc3 Rxa4
28. Rxa4 Rxa4 29. Qe1 Qe4 30. Qxe4 Bxe4 31. d6 Bf5 32. Ne5 Ra1+ 33. Kf2 Rd1 34.
Ke2 Rd4 35. g4 Be6 36. Ke3 f6 37. Nd3 Rxc4 38. Bb6 Rc3 39. Kd2 Rb3 40. Bxc5
Bxg4 41. Nb4 0-1

[Event "NED-ch 1979"]
[Site "Leeuwarden"]
[Date "1979.??.??"]
[Round "2"]
[White "Hofland, Leonard"]
[Black "Bohm, Hans"]
[Result "1/2-1/2"]
[WhiteElo "2295"]
[BlackElo "2410"]
[PlyCount "83"]
[EventDate "1979.??.??"]
[Source "ChessBase"]
[SourceDate "1999.07.01"]

1. c4 e6 2. Nc3 f5 3. g3 Nf6 4. Bg2 d5 5. cxd5 exd5 6. e3 c6 7. Nge2 Bd6 8. Rb1
a5 9. Qc2 O-O 10. O-O Qe8 11. d3 Nbd7 12. Bd2 Nc5 13. Na4 Ne6 14. Nb6 Ra6 15.
Nxc8 Qxc8 16. Bc3 Bb4 17. Bxf6 gxf6 18. Nf4 Ng5 19. h4 Nf7 20. e4 Bd6 21. Nh5
fxe4 22. dxe4 Be5 23. exd5 cxd5 24. Qxc8 Rxc8 25. Bxd5 Rb6 26. b3 Kf8 27. Rbc1
Rd8 28. Be4 h6 29. Rfd1 Rxd1+ 30. Rxd1 Nd6 31. Bg2 Ke7 32. Bh3 Rb4 33. Ng7 b5
34. Nf5+ Nxf5 35. Bxf5 Rd4 36. Rxd4 Bxd4 37. a4 bxa4 38. bxa4 Kd6 39. Kg2 Ke5
40. Bc8 Bb6 41. Bb7 Bc5 42. f4+ 1/2-1/2

[Event "NED-ch 1979"]
[Site "Leeuwarden"]
[Date "1979.??.??"]
[Round "2"]
[White "Ree, Hans"]
[Black "Donner, Jan Hein"]
[Result "1/2-1/2"]
[WhiteElo "2480"]
[BlackElo "2465"]
[PlyCount "34"]
[EventDate "1979.??.??"]
[Source "ChessBase"]
[SourceDate "1999.07.01"]

1. e4 e5 2. Nf3 Nc6 3. Bb5 Nf6 4. O-O d6 5. d4 Bd7 6. Nc3 Be7 7. Re1 exd4 8.
Nxd4 Nxd4 9. Qxd4 Bxb5 10. Nxb5 O-O 11. Bg5 h6 12. Bh4 Ng4 13. Bxe7 Qxe7 14. h3
Ne5 15. Qc3 Nc6 16. Rad1 a6 17. Nd4 Nxd4 1/2-1/2

[Event "NED-ch 1979"]
[Site "Leeuwarden"]
[Date "1979.??.??"]
[Round "2"]
[White "Van Dop, Arend"]
[Black "Langeweg, Kick"]
[Result "1/2-1/2"]
[WhiteElo "2300"]
[BlackElo "2440"]
[PlyCount "71"]
[EventDate "1979.??.??"]
[Source "ChessBase"]
[SourceDate "1999.07.01"]

1. Nf3 Nf6 2. d4 c5 3. g3 b6 4. Bg2 Bb7 5. b3 g6 6. Bb2 cxd4 7. O-O Bg7 8. Nxd4
Bxg2 9. Kxg2 Nc6 10. Nxc6 dxc6 11. Na3 O-O 12. Qd3 Qd5+ 13. Qf3 Rad8 14. c4
Qxf3+ 15. Kxf3 Rd7 16. Rad1 Rfd8 17. Rxd7 Rxd7 18. Nb1 Ng4 19. Kxg4 Bxb2 20.
Kf3 b5 21. cxb5 cxb5 22. e3 f5 23. h4 Kf7 24. Ke2 Ke6 25. Rd1 Rc7 26. Kd3 Be5
27. Na3 a6 28. Nc2 Bd6 29. Nd4+ Kd7 30. Ke2 e5 31. Nf3 Rc2+ 32. Rd2 Rxd2+ 33.
Kxd2 e4 34. Nd4 Bb4+ 35. Ke2 Bc3 36. Nc2 1/2-1/2

[Event "NED-ch 1979"]
[Site "Leeuwarden"]
[Date "1979.??.??"]
[Round "2"]
[White "Van der Weide, Piet"]
[Black "Ligterink, Gert"]
[Result "0-1"]
[WhiteElo "2290"]
[BlackElo "2440"]
[PlyCount "78"]
[EventDate "1979.??.??"]
[Source "ChessBase"]
[SourceDate "1999.07.01"]

1. e4 d6 2. d4 Nf6 3. Bd3 Nc6 4. c3 e5 5. d5 Nb8 6. f4 Nbd7 7. Nf3 exf4 8. Bxf4
g6 9. O-O Bg7 10. Nbd2 O-O 11. Qe1 Ng4 12. Qg3 Nge5 13. Bc2 Qe7 14. Rf2 a5 15.
Raf1 a4 16. a3 c6 17. Nd4 cxd5 18. exd5 Nc5 19. N2f3 Bd7 20. Bg5 f6 21. Bf4
Rae8 22. h4 f5 23. h5 Ne4 24. Bxe4 fxe4 25. Ng5 Ng4 26. Nde6 Nxf2 27. Bxd6 Nh1
28. Rxf8+ Qxf8 29. Nxf8 Nxg3 30. Nxd7 Ne2+ 31. Kf2 Nxc3 32. bxc3 Rd8 33. c4
Rxd7 34. c5 Bd4+ 35. Ke2 Bxc5 36. Bxc5 Rxd5 37. Nxe4 Rxh5 38. Nf6+ Kf7 39. Nxh5
gxh5 0-1

[Event "NED-ch 1979"]
[Site "Leeuwarden"]
[Date "1979.??.??"]
[Round "2"]
[White "Van der Wiel, John"]
[Black "Timman, Jan"]
[Result "0-1"]
[WhiteElo "2200"]
[BlackElo "2625"]
[PlyCount "60"]
[EventDate "1979.??.??"]
[Source "ChessBase"]
[SourceDate "1999.07.01"]

1. e4 d6 2. d4 Nf6 3. Nc3 g6 4. f4 Bg7 5. Nf3 O-O 6. Bd3 Nc6 7. O-O e5 8. dxe5
dxe5 9. f5 Nb4 10. fxg6 hxg6 11. Bg5 Nxd3 12. cxd3 Qd7 13. Qb3 Qxd3 14. Rad1
Qa6 15. Bxf6 Bxf6 16. Nd5 Bd8 17. Nxe5 Qe6 18. Qc3 c6 19. Nxg6 Qxg6 20. Nf6+
Bxf6 21. Rxf6 Qh5 22. Rd3 Re8 23. Rg3+ Kf8 24. Qe3 Be6 25. Rg5 Qd1+ 26. Rf1 Qd6
27. Ra5 b6 28. Qh6+ Ke7 29. Ra4 Qe5 30. Rd1 Rh8 0-1

[Event "NED-ch 1979"]
[Site "Leeuwarden"]
[Date "1979.??.??"]
[Round "3"]
[White "Baljon, Christofoor"]
[Black "Ree, Hans"]
[Result "0-1"]
[WhiteElo "2255"]
[BlackElo "2480"]
[PlyCount "51"]
[EventDate "1979.??.??"]
[Source "ChessBase"]
[SourceDate "1999.07.01"]

1. e4 e6 2. d4 d5 3. e5 c5 4. c3 Nc6 5. Nf3 Qb6 6. Be2 Nh6 7. Bxh6 gxh6 8. Qd2
Bg7 9. O-O O-O 10. Re1 Bd7 11. Bd3 cxd4 12. cxd4 f6 13. Nc3 fxe5 14. dxe5 Be8
15. Qc2 Kh8 16. Na4 Qd8 17. Nc5 Qe7 18. Nb3 Rxf3 19. gxf3 Qh4 20. Qc5 Bh5 21.
Re3 Rg8 22. Kf1 d4 23. Re4 Qxh2 24. Ke2 Bf8 25. Qb5 Bxf3+ 26. Ke1 0-1

[Event "NED-ch 1979"]
[Site "Leeuwarden"]
[Date "1979.??.??"]
[Round "3"]
[White "Bohm, Hans"]
[Black "Van der Weide, Piet"]
[Result "1-0"]
[WhiteElo "2410"]
[BlackElo "2290"]
[PlyCount "63"]
[EventDate "1979.??.??"]
[Source "ChessBase"]
[SourceDate "1999.07.01"]

1. d4 f5 2. g3 Nf6 3. Bg2 d6 4. Nf3 g6 5. O-O Bg7 6. c4 O-O 7. Nc3 c6 8. d5 e5
9. dxe6 Bxe6 10. Bf4 Bxc4 11. Bxd6 Re8 12. Ne5 Be6 13. Qd3 Nbd7 14. Nxd7 Qxd7
15. Rfd1 Qf7 16. Bc5 Nd7 17. Be3 Nb6 18. Qc2 Bf6 19. h4 Qg7 20. Rac1 Red8 21.
Rxd8+ Rxd8 22. Rd1 Qe7 23. Rxd8+ Qxd8 24. b3 Qd6 25. Bf3 Qe5 26. Nd1 Bd5 27.
Bxd5+ Nxd5 28. Bxa7 f4 29. e4 Nc7 30. Kg2 Nb5 31. Bc5 Nc3 32. Qxc3 1-0

[Event "NED-ch 1979"]
[Site "Leeuwarden"]
[Date "1979.??.??"]
[Round "3"]
[White "Donner, Jan Hein"]
[Black "Van der Wiel, John"]
[Result "1/2-1/2"]
[WhiteElo "2465"]
[BlackElo "2200"]
[PlyCount "78"]
[EventDate "1979.??.??"]
[Source "ChessBase"]
[SourceDate "1999.07.01"]

1. d4 Nf6 2. c4 g6 3. g3 Bg7 4. Bg2 O-O 5. Nf3 d6 6. O-O Nc6 7. d5 Na5 8. Nfd2
c5 9. Na3 e5 10. e4 a6 11. b3 Ng4 12. Nc2 f5 13. f3 Nf6 14. Ne1 b5 15. Nd3 fxe4
16. fxe4 Ng4 17. Qe2 Bh6 18. Nf3 Bxc1 19. Raxc1 Ra7 20. h3 bxc4 21. bxc4 Nf6
22. Qe3 Re7 23. Nd2 Rb7 24. Rc3 Rb6 25. Kh2 Qc7 26. g4 Qe7 27. g5 Nh5 28. Rxf8+
Kxf8 29. Bf3 Ng7 30. Rc1 Nb7 31. Rf1 Kg8 32. Bd1 Bd7 33. Bg4 Bxg4 34. hxg4 Nd8
35. Nf3 Nf7 36. Qd2 Rb8 37. Kg3 Ne8 38. Rh1 Rb7 39. Rd1 Qd8 1/2-1/2

[Event "NED-ch 1979"]
[Site "Leeuwarden"]
[Date "1979.??.??"]
[Round "3"]
[White "Langeweg, Kick"]
[Black "Hartoch, Rob"]
[Result "1/2-1/2"]
[WhiteElo "2440"]
[BlackElo "2395"]
[PlyCount "35"]
[EventDate "1979.??.??"]
[Source "ChessBase"]
[SourceDate "1999.07.01"]

1. d4 Nf6 2. c4 e6 3. Nf3 b6 4. g3 Ba6 5. Qa4 Bb7 6. Bg2 c5 7. O-O cxd4 8. Nxd4
Bxg2 9. Kxg2 Be7 10. Nc3 O-O 11. Rd1 Qc7 12. Bf4 Qb7+ 13. Kg1 a6 14. Rd2 d6 15.
Nf3 Rd8 16. Rad1 Ne8 17. Bg5 Nc6 18. Bxe7 1/2-1/2

[Event "NED-ch 1979"]
[Site "Leeuwarden"]
[Date "1979.??.??"]
[Round "3"]
[White "Ligterink, Gert"]
[Black "Van Dop, Arend"]
[Result "1-0"]
[WhiteElo "2440"]
[BlackElo "2300"]
[PlyCount "145"]
[EventDate "1979.??.??"]
[Source "ChessBase"]
[SourceDate "1999.07.01"]

1. e4 c5 2. Nf3 d6 3. d4 cxd4 4. Nxd4 Nf6 5. Nc3 Nc6 6. Be2 e5 7. Nf3 h6 8. O-O
Be7 9. b3 a6 10. Bb2 O-O 11. a4 Be6 12. Nd2 Rc8 13. Re1 Nd4 14. Bd3 Bg4 15. f3
Be6 16. Ne2 Nxe2+ 17. Qxe2 Re8 18. Nc4 Nd7 19. a5 Nc5 20. Nb6 Nxd3 21. Qxd3 Rc5
22. Kh1 Bf6 23. c4 Be7 24. Bc3 Rc6 25. Red1 Qb8 26. Bb4 Rd8 27. Ra2 Bg5 28. Bd2
Bxd2 29. Raxd2 Qc7 30. Qc3 Kh7 31. Qe3 Re8 32. Rd3 Rd8 33. h3 f6 34. Qd2 Bg8
35. Na4 Rc8 36. Qb4 Rd8 37. Qd2 Rc8 38. Kh2 Kh8 39. Rxd6 Rxd6 40. Qxd6 Qxa5 41.
Qe7 Bxc4 42. Qd7 Qc7 43. bxc4 Qxd7 44. Rxd7 Rxc4 45. Nb6 Rb4 46. Nd5 Rb2 47. h4
h5 48. Kh3 Rb3 49. Kg3 Kg8 50. Ne7+ Kf8 51. Nf5 a5 52. Rd8+ Kf7 53. Rd7+ Kf8
54. Rd8+ Kf7 55. Ra8 g6 56. Nd6+ Ke6 57. Nc4 b5 58. Ra6+ Kd7 59. Nb6+ Kc6 60.
Nd5+ Kc5 61. Rxa5 f5 62. Nf6 Kd4 63. exf5 gxf5 64. Nxh5 e4 65. Nf4 e3 66. h5
Rb1 67. h6 Kc4 68. Ra7 Rh1 69. Re7 Rxh6 70. Rxe3 b4 71. Nd3 Kd4 72. Kf2 b3 73.
Nb2 1-0

[Event "NED-ch 1979"]
[Site "Leeuwarden"]
[Date "1979.??.??"]
[Round "3"]
[White "Sosonko, Gennadi"]
[Black "Hofland, Leonard"]
[Result "1/2-1/2"]
[WhiteElo "2535"]
[BlackElo "2295"]
[PlyCount "52"]
[EventDate "1979.??.??"]
[Source "ChessBase"]
[SourceDate "1999.07.01"]

1. d4 Nf6 2. c4 g6 3. Nc3 Bg7 4. e4 d6 5. Nf3 O-O 6. Be2 Bg4 7. Be3 Nfd7 8. Ng1
Bxe2 9. Ngxe2 e5 10. O-O exd4 11. Bxd4 Bxd4 12. Nxd4 Nc6 13. Nd5 Nb6 14. Rc1
Re8 15. Re1 Nxd4 16. Qxd4 Re6 17. Nf4 Re8 18. Nd5 Re6 19. Rc3 c5 20. Qd2 Nxd5
21. Qxd5 Qe7 22. Rce3 Re8 23. b3 b6 24. g3 Qf6 25. Kg2 Kg7 26. R1e2 Qd4 1/2-1/2

[Event "NED-ch 1979"]
[Site "Leeuwarden"]
[Date "1979.??.??"]
[Round "3"]
[White "Timman, Jan"]
[Black "Van der Vliet, Fred"]
[Result "1-0"]
[WhiteElo "2625"]
[BlackElo "2365"]
[PlyCount "45"]
[EventDate "1979.??.??"]
[Source "ChessBase"]
[SourceDate "1999.07.01"]

1. c4 g6 2. e4 Bg7 3. d4 c5 4. Nf3 cxd4 5. Nxd4 Nc6 6. Be3 Nf6 7. Nc3 Ng4 8.
Qxg4 Bxd4 9. Bxd4 Nxd4 10. O-O-O d6 11. Qg3 e5 12. f4 f6 13. f5 Kf7 14. Nb5
Nxb5 15. cxb5 gxf5 16. Bc4+ Kf8 17. Qh4 Ke7 18. Rd3 fxe4 19. Rg3 Qf8 20. Rf1 d5
21. Rxf6 Qxf6 22. Rg7+ Ke6 23. Bxd5+ 1-0

[Event "NED-ch 1979"]
[Site "Leeuwarden"]
[Date "1979.??.??"]
[Round "4"]
[White "Bohm, Hans"]
[Black "Sosonko, Gennadi"]
[Result "1-0"]
[WhiteElo "2410"]
[BlackElo "2535"]
[PlyCount "85"]
[EventDate "1979.??.??"]
[Source "ChessBase"]
[SourceDate "1999.07.01"]

1. d4 Nf6 2. c4 e6 3. Nc3 Bb4 4. Qc2 Nc6 5. Nf3 d6 6. Bg5 h6 7. Bxf6 Qxf6 8.
O-O-O Bxc3 9. Qxc3 e5 10. e3 Bg4 11. dxe5 dxe5 12. Be2 O-O 13. h3 Bf5 14. Rhg1
a5 15. a3 Rfd8 16. Rxd8+ Rxd8 17. Rd1 Rxd1+ 18. Bxd1 Be4 19. c5 Qg6 20. Qc4 Bd3
21. Qb3 Ba6 22. g4 Qe4 23. g5 Kf8 24. h4 Ke7 25. Qc2 Qd5 26. Qc3 hxg5 27. hxg5
Bd3 28. Ne1 Bg6 29. f3 b6 30. Ba4 Kd7 31. e4 Qe6 32. Bxc6+ Qxc6 33. Qxe5 Qxc5+
34. Qxc5 bxc5 35. Kd2 f6 36. gxf6 gxf6 37. Ke3 Kc6 38. Kd3 f5 39. exf5 Bxf5+
40. Kc3 Kd5 41. Ng2 Bc8 42. Ne3+ Ke6 43. a4 1-0

[Event "NED-ch 1979"]
[Site "Leeuwarden"]
[Date "1979.??.??"]
[Round "4"]
[White "Hartoch, Rob"]
[Black "Ligterink, Gert"]
[Result "1/2-1/2"]
[WhiteElo "2395"]
[BlackElo "2440"]
[PlyCount "21"]
[EventDate "1979.??.??"]
[Source "ChessBase"]
[SourceDate "1999.07.01"]

1. e4 c5 2. b3 e6 3. Bb2 Nc6 4. Nf3 Nf6 5. e5 Nd5 6. Nc3 Nxc3 7. Bxc3 Be7 8. g3
O-O 9. Bg2 d5 10. exd6 Qxd6 11. O-O 1/2-1/2

[Event "NED-ch 1979"]
[Site "Leeuwarden"]
[Date "1979.??.??"]
[Round "4"]
[White "Hofland, Leonard"]
[Black "Timman, Jan"]
[Result "0-1"]
[WhiteElo "2295"]
[BlackElo "2625"]
[PlyCount "50"]
[EventDate "1979.??.??"]
[Source "ChessBase"]
[SourceDate "1999.07.01"]

1. c4 Nf6 2. Nc3 e6 3. e4 c5 4. e5 Ng8 5. Nf3 Nc6 6. d4 cxd4 7. Nxd4 Nxe5 8.
Ndb5 f6 9. Be3 a6 10. Nd6+ Bxd6 11. Qxd6 Ne7 12. Bb6 Nf5 13. Bxd8 Nxd6 14. Bc7
Ke7 15. c5 Ne8 16. Bxe5 fxe5 17. Bd3 b6 18. cxb6 Rb8 19. O-O-O Nf6 20. Na4 d6
21. b3 Bd7 22. Bxa6 Bxa4 23. bxa4 Rxb6 24. Bb5 Ne4 25. Rhe1 Rc8+ 0-1

[Event "NED-ch 1979"]
[Site "Leeuwarden"]
[Date "1979.??.??"]
[Round "4"]
[White "Ree, Hans"]
[Black "Langeweg, Kick"]
[Result "1/2-1/2"]
[WhiteElo "2480"]
[BlackElo "2440"]
[PlyCount "37"]
[EventDate "1979.??.??"]
[Source "ChessBase"]
[SourceDate "1999.07.01"]

1. c4 Nf6 2. Nc3 c5 3. Nf3 d5 4. cxd5 Nxd5 5. e4 Nb4 6. Bb5+ N8c6 7. d4 cxd4 8.
a3 dxc3 9. Qxd8+ Kxd8 10. axb4 c2 11. Bxc6 bxc6 12. Nd4 Bd7 13. Nxc2 e5 14. Be3
Kc7 15. Rxa7+ Rxa7 16. Bxa7 Bxb4+ 17. Nxb4 Ra8 18. Na6+ Kb7 19. Bc5 1/2-1/2

[Event "NED-ch 1979"]
[Site "Leeuwarden"]
[Date "1979.??.??"]
[Round "4"]
[White "Van der Vliet, Fred"]
[Black "Donner, Jan Hein"]
[Result "1/2-1/2"]
[WhiteElo "2365"]
[BlackElo "2465"]
[PlyCount "43"]
[EventDate "1979.??.??"]
[Source "ChessBase"]
[SourceDate "1999.07.01"]

1. d4 d5 2. c4 e6 3. Nf3 Nf6 4. g3 Be7 5. Bg2 O-O 6. O-O b6 7. Nc3 Bb7 8. Ne5
Na6 9. b3 c5 10. Bb2 Qc7 11. cxd5 exd5 12. Rc1 Rad8 13. Na4 Qb8 14. dxc5 Nxc5
15. Nxc5 Bxc5 16. Nd3 Be7 17. Be5 Qa8 18. Qd2 Ne4 19. Qb2 f6 20. Bd4 Bd6 21.
Rfd1 Rfe8 22. Ne1 1/2-1/2

[Event "NED-ch 1979"]
[Site "Leeuwarden"]
[Date "1979.??.??"]
[Round "4"]
[White "Van der Wiel, John"]
[Black "Baljon, Christofoor"]
[Result "1-0"]
[WhiteElo "2200"]
[BlackElo "2255"]
[PlyCount "73"]
[EventDate "1979.??.??"]
[Source "ChessBase"]
[SourceDate "1999.07.01"]

1. e4 c5 2. Nf3 d6 3. d4 cxd4 4. Nxd4 Nf6 5. Nc3 a6 6. f4 e5 7. Nf3 Nbd7 8. a4
Be7 9. Bc4 O-O 10. O-O Qb6+ 11. Kh1 exf4 12. Bd5 Ng4 13. Nd4 Ne3 14. Bxe3 fxe3
15. Rxf7 Rxf7 16. Bxf7+ Kxf7 17. Qh5+ Kg8 18. Qe8+ Bf8 19. Nd5 Qxd4 20. Ne7+
Kh8 21. Rf1 Qf6 22. Rxf6 gxf6 23. Kg1 Kg7 24. Nf5+ Kg8 25. Nxd6 Kg7 26. Qf7+
Kh8 27. Ne8 b5 28. Nxf6 Nxf6 29. Qxf6+ Kg8 30. Qg5+ Kf7 31. Qd5+ Be6 32. Qxa8
Bc5 33. Kf1 Bc4+ 34. Ke1 e2 35. Qb7+ Ke6 36. Qc6+ Bd6 37. b3 1-0

[Event "NED-ch 1979"]
[Site "Leeuwarden"]
[Date "1979.??.??"]
[Round "5"]
[White "Baljon, Christofoor"]
[Black "Van der Vliet, Fred"]
[Result "1/2-1/2"]
[WhiteElo "2255"]
[BlackElo "2365"]
[PlyCount "104"]
[EventDate "1979.??.??"]
[Source "ChessBase"]
[SourceDate "1999.07.01"]

1. e4 c5 2. Nf3 d6 3. d4 Nf6 4. Nc3 cxd4 5. Nxd4 Nc6 6. Bc4 Qb6 7. Nb3 e6 8.
O-O Be7 9. a4 O-O 10. a5 Qc7 11. Qe2 Rd8 12. Rd1 Nb4 13. Bf4 e5 14. Bg5 Bg4 15.
f3 Be6 16. Bxe6 fxe6 17. Nb5 Qc8 18. Rd2 a6 19. Na3 Qc7 20. Be3 Rf8 21. Bb6 Qc8
22. Nc4 Ne8 23. Be3 Qc7 24. Bb6 Qc8 25. Be3 Qc7 26. Nb6 Rd8 27. c3 Nc6 28. Qc4
Rf6 29. Nc1 h6 30. b4 Kh8 31. Ne2 Bf8 32. Qb3 Qf7 33. c4 Ne7 34. Rad1 Ng6 35.
c5 Nh4 36. Nc4 Rxf3 37. gxf3 Nxf3+ 38. Kh1 d5 39. exd5 exd5 40. Nd6 Nxd6 41.
Qxd5 Nxd2 42. Rxd2 Qxd5+ 43. Rxd5 Nf7 44. Nc3 Rxd5 45. Nxd5 Nd8 46. Kg2 Nc6 47.
Kf3 Kg8 48. Ke4 Kf7 49. Bd2 Ke6 50. Bc3 g6 51. Nc7+ Kd7 52. Na8 Ke6 1/2-1/2

[Event "NED-ch 1979"]
[Site "Leeuwarden"]
[Date "1979.??.??"]
[Round "5"]
[White "Donner, Jan Hein"]
[Black "Hofland, Leonard"]
[Result "1-0"]
[WhiteElo "2465"]
[BlackElo "2295"]
[PlyCount "79"]
[EventDate "1979.??.??"]
[Source "ChessBase"]
[SourceDate "1999.07.01"]

1. d4 Nf6 2. c4 g6 3. g3 Bg7 4. Bg2 O-O 5. Nf3 d6 6. O-O c6 7. Nc3 Bf5 8. Ne1
Qd7 9. e4 Bh3 10. Nd3 Bxg2 11. Kxg2 b5 12. cxb5 cxb5 13. a4 Qb7 14. f3 b4 15.
Ne2 a5 16. Be3 Na6 17. Qd2 Rac8 18. Rac1 e6 19. b3 Nd7 20. g4 Rfe8 21. h4 Nab8
22. h5 Nc6 23. hxg6 hxg6 24. Ndf4 Ne7 25. Rfd1 Nb6 26. Nd3 f5 27. Nf2 Nd7 28.
Ng3 Nf6 29. Bh6 Kf7 30. Bxg7 Kxg7 31. Rh1 Rh8 32. Rxh8 Rxh8 33. gxf5 exf5 34.
exf5 Qd7 35. fxg6 Nxg6 36. Qg5 d5 37. Ng4 Nxg4 38. fxg4 Rc8 39. Rxc8 Qxc8 40.
Nf5+ 1-0